000 00374nam a2200145Ia 4500
008 231129s2000||||xx |||||||||||||| ||spa||
020 _a958-614-946-3
040 _bspa
082 _a079.861 L318m
100 _aLara Salive Patricia
245 0 _aLas mujeres en la guerra
260 _c2000
264 _aPlaneta
942 _2ddc
_cBKS
999 _c18865
_d18865